000 00850cam a22002411 4500
001 gs 48000231
003 DLC
005 20260227111354.0
008 750326s1947 xx 000 0 eng
010 _ags 48000231
035 _a(OCoLC)1239246
040 _aDLC
_cOAU
_dOCoLC
_dDLC
050 0 0 _aQE81
_b.A15 no. 58
100 1 _aPeterson, Carl G. B.,
_d1903-
245 1 0 _aGround-water investigations in the Mobile area, Alabama.
_cPrepared by the U.S. Geological Survey in cooperation with the Geological Survey of Alabama.
260 _aUniversity,
_c1947.
300 _a32 p.
_billus., fold. map (in pocket)
_c23 cm.
410 2 0 _aGeological Survey of Alabama
_tBulletin
_v58
504 _a"References": p. 23-24.
650 0 _aGroundwater
_zAlabama
_zMobile.
650 0 _aWater-supply
_zAlabama
_zMobile.
710 2 _aGeological Survey (U.S.)
999 _c28283
_d28283